zpět

Detail výsledku týmu

Klub Tyjátr, Svitavy

Datum a čas kvízu

23 Celkem bodů Celkový počet nahraných bodů na tomto kvízu bez doplňovacích otázek.
4. Pořadí na kvízu Konečné umístění týmu na tomto kvízu.

Zaznamenané odpovědi

# Otázka Odpověď Body Výsledky
1. Minulý týden napadli hackeři f... dopravy 0
2. Jeden polský autobusový doprav... Hel 0
3. Ve středu vydala Česká pošta d... Libuše Šafránková, Josef Abrhám 1
4. Ve středu oznámil český minist... Zdeněk Nekula, Marek Výborný 0
5. Který tým získal minulý týden... Vegas (Golden Knights) 1
6. V následujících otázkách se bu... Pangea, Gondwanu 1
7. Seřaďte následující minerály p... 1D 2C 3B 4A 1
8. Která vyvřelá hornina, běžně n... čedič (bazalt) 0
9. Součástí geologických věd je t... na Islandu, v Norsku 1
10. Geologické období paleozoikum... karbon, perm 0.5